Medicine Buster High Yield Facts / (Record no. 154398)

MARC details
000 -LEADER
fixed length control field 00547nam a22001937a 4500
003 - CONTROL NUMBER IDENTIFIER
control field dpl
005 - DATE AND TIME OF LATEST TRANSACTION
control field 20180719125736.0
008 - FIXED-LENGTH DATA ELEMENTS--GENERAL INFORMATION
fixed length control field 180719b xxu||||| |||| 00| 0 eng d
020 ## - INTERNATIONAL STANDARD BOOK NUMBER
International Standard Book Number 8180614611
Terms of availability 295.00
035 ## - SYSTEM CONTROL NUMBER
System control number B-156754
040 ## - CATALOGING SOURCE
Original cataloging agency DPL
Language of cataloging EN
Transcribing agency 0
082 ## - DEWEY DECIMAL CLASSIFICATION NUMBER
Classification number 610
Item number RPG
245 ## - TITLE STATEMENT
Title Medicine Buster High Yield Facts /
Statement of responsibility, etc compiled by Dharmendra Sharma
260 ## - PUBLICATION, DISTRIBUTION, ETC. (IMPRINT)
Place of publication, distribution, etc New Delhi
Name of publisher, distributor, etc Jaypee Brothers
Date of publication, distribution, etc 2005
300 ## - PHYSICAL DESCRIPTION
Extent 318p
Dimensions 24cm
440 ## - SERIES STATEMENT/ADDED ENTRY--TITLE
Title RPG Series
700 ## - ADDED ENTRY--PERSONAL NAME
Personal name Sharma,Dharmendra,Comp.
942 ## - ADDED ENTRY ELEMENTS (KOHA)
Source of classification or shelving scheme Dewey Decimal Classification
Koha item type English Books
Classification part 610
Call number suffix RPG
Holdings
Withdrawn status Lost status Source of classification or shelving scheme Damaged status Not for loan Collection code Home library Current library Date acquired Source of acquisition Cost, normal purchase price Total Checkouts Full call number Barcode Date last seen Cost, replacement price Price effective from Koha item type
    Dewey Decimal Classification     Non-fiction Patel Nagar Patel Nagar 19/07/2018 BPPD/PUB 295.00   610 RPG B-156754 19/07/2018 295.00 19/07/2018 English Books

© Delhi Public Library
Hit Counter
free hit counter